00685nam a2200205 4500003001100000005001700011008004100028020001500069040003900084041000800123082001600131100002500147245011300172260004400285300001400329650002300343942000700366952009100373999001500464LK-CoMWRAF20231022134855.0231022b1992 |||||||| |||| 00| 0 eng d a0333900090 aLK-CoMWRAFdLK-CoMWRAFeLK-CoMWRAF aeng a891.44bTAG aTagore, Rabindranath aGitanjali : song offerings: ba collection of prose translation made by the author from the original Bengali aMadras:bMacmillan India limited,c1992 axv. 72 p. aBENGALI LITERATURE cBK 00104070aMAINbMAINd2023-10-22l0o891.44 TAGpRAF1830r2023-10-22w2023-10-22yBK c3980d3980